000 00422cam a22001337a 4500
008 180718b2012 xxu||||| |||| 00| 0 eng d
020 _a9788192343600
082 _aA99 G151/T31
100 _aTewari, leena gandhi
245 _aBeyond pipes & dremas: The life of vithal balkrishna gandhi
_cBy Leena gandhi tewari
260 _aMumbai
_bUSV limited
_c2012
300 _a262p.
650 _aBiography - Vithal Balkrishna Gandhi
999 _c502721
_d502721